ROGER'S HB. OF PEDIATRIC INTENSIVE CARE (Record no. 6861)

MARC details
000 -LEADER
fixed length control field 00360nam a2200145Ia 4500
008 - FIXED-LENGTH DATA ELEMENTS--GENERAL INFORMATION
fixed length control field 150301s2009 xx 000 0 und d
082 ## - DEWEY DECIMAL CLASSIFICATION NUMBER
Classification number 610.7362
Item number R09H
100 ## - MAIN ENTRY--PERSONAL NAME
Personal name HELFAER, MARK A.
245 ## - TITLE STATEMENT
Title ROGER'S HB. OF PEDIATRIC INTENSIVE CARE
250 ## - EDITION STATEMENT
Edition statement 4TH
260 ## - PUBLICATION, DISTRIBUTION, ETC. (IMPRINT)
Name of publisher, distributor, etc. WOLTER KLUWER
Date of publication, distribution, etc. 2009
300 ## - PHYSICAL DESCRIPTION
Extent 742
650 ## - SUBJECT ADDED ENTRY--TOPICAL TERM
Topical term or geographic name as entry element PEDIATRIC NURSING
942 ## - ADDED ENTRY ELEMENTS (KOHA)
Source of classification or shelving scheme Dewey Decimal Classification
Koha item type Books
Holdings
Withdrawn status Lost status Source of classification or shelving scheme Damaged status Not for loan Collection code Home library Current library Shelving location Date acquired Source of acquisition Cost, normal purchase price SGTU Bill Number Total Checkouts Full call number Barcode Date last seen Date last checked out Bill Date Koha item type
    Dewey Decimal Classification     NURSING SGT Medical Library SGT Medical Library Text Book 02/07/2015 ABC DELHI 1050.00 SGTU 5533 1 610.7362 R09H FN2927 19/03/2026 26/02/2026 25/03/2015 Books